01964nam a22002057a 4500010001300000020002000013035001300033037001600046040001200062082001300074245009300087260005500180270004900235300034100284500002300625500104300648650002101691650002101712700002501733 aA-439813 a8170230020c150 aA-439813 aCen Lib/Ret aDPLbEN a080bRAJ aDr. Rajendra Prasad, correspondence and select documents /bedited by Valmiki Choudhary. aNew DelhibAllied Publishers Private Limitedc1984 aA-104, Mayapuri Phase II,bNew Delhie110064 a21 v. (v 1. 346 ; ; v 1. 518 v 2. 446 ; v 3. 444 ; v 4. 302 ; v 4. 302 ; v 5. 374 ; v 6. 358 ; v 7. 534 ; v 7 534 ; v 8 ; 445 ; v 9. 389 ; v 10. 349 ; v 10. 349 ; v 11. 411 ; v 11. 411 ; v 12. 597 ; v 12. 597 ; v 13. 510 ; v 13. 510 ; v 14. 573 ; v 14. 573 ; v 15. 520 ; v 15. 520 ; v 16. 559 ; v 17. 518 ; v 18. 530 )b22cmcill aincludes indexes  a21 v . v 1. 1934-1937 ; v 1. 1934-1938 ; v 1. Presidency Period January 1954 to December 1955; v 2. 1938 ; v 3. January to July 1939 ; v 4. August to December 1939 ; v 4. August to December 1939 ; v 5. 1940 to 1942 ; v 6. 1945 to 1946 ; v 7. 1947 ; v 7. 1947 ; v 8. January to march 1948 ; v 9. April to July 1948 ; v 10. August to December 1948 (available) ; v 10. August to December 1948 (available) ; v 11. 4 January 1949 to 24 January 1950 (available) ; v 11. 4 January 1949 to 24 January 1950 (available) ; v 12. January to June 1950 (available) ; v 12. January to June 1950 (available) ; v 13. July to december1950 ; v 13. July to december1950 (available) ; v 14. January to December 1951 (available) ; v 14. January to December 1951 ; v 15. Presidency Period January to December 1952 ; v 16. Presidency Period January to December 1953 ; v 17. Presidency Period January 1954 to December 1955 ) ; v 18. Presidency Period January 1956 to December 1957 ; v 19. (not available) ; v 20. (not available) ; v 21.  acorrespondence  arajendra prasad  a Choudhary, Valmiki